[Event "II Open Internacional Blitz Quart de Pob"]
[Site "Quart de Poblet, Spain"]
[Date "2019.08.10"]
[Round "3.5"]
[White "Castella Garcia, Fausto"]
[Black "Gil Pou, Jose Luis"]
[Result "1-0"]
[WhiteElo "2279"]
[BlackElo "1655"]
[PlyCount "85"]
[EventDate "2019.??.??"]

1. e4 {[%clk 00:07:05]} 1... c5 {[%clk 00:07:04]  [%emt 00:00:04]} 2. Nf3 {
[%clk 00:07:07]} 2... e6 {[%clk 00:07:02]  [%emt 00:00:04]} 3. Nc3 {
[%clk 00:07:07]  [%emt 00:00:03]} 3... Nc6 {[%clk 00:07:02]  [%emt 00:00:03]}
4. Bb5 {[%clk 00:07:09]} 4... Nge7 {[%clk 00:06:57]  [%emt 00:00:11]} 5. O-O {
[%clk 00:07:07]  [%emt 00:00:04]} 5... g6 {[%clk 00:06:58]} 6. e5 {
[%clk 00:06:24]  [%emt 00:00:42]} 6... Bg7 {[%clk 00:06:52]  [%emt 00:00:23]}
7. Re1 {[%clk 00:06:26]} 7... O-O {[%clk 00:06:50]  [%emt 00:00:11]} 8. d3 {
[%clk 00:06:27]} 8... d5 {[%clk 00:06:44]} 9. exd6 {[%clk 00:06:26]} 9... Nf5 {
[%clk 00:06:44]} 10. Bxc6 {[%clk 00:06:26]  [%emt 00:00:09]} 10... bxc6 {
[%clk 00:06:42]  [%emt 00:00:09]} 11. Ne4 {[%clk 00:06:10]  [%emt 00:00:33]}
11... Nxd6 {[%clk 00:06:27]  [%emt 00:00:03]} 12. Nxc5 {
[%clk 00:06:05]  [%emt 00:00:04]} 12... Nb5 {[%clk 00:06:03]  [%emt 00:00:22]}
13. a4 {[%clk 00:05:45]  [%emt 00:00:35]} 13... Nd4 {[%clk 00:06:03]} 14. Nxd4
{[%clk 00:05:45]} 14... Bxd4 {[%clk 00:05:59]  [%emt 00:00:05]} 15. Nb3 {
[%clk 00:05:34]  [%emt 00:00:12]} 15... Bg7 {[%clk 00:05:24]  [%emt 00:00:40]}
16. d4 {[%clk 00:05:32]  [%emt 00:00:03]} 16... Qc7 {
[%clk 00:04:49]  [%emt 00:00:53]} 17. c3 {[%clk 00:05:13]  [%emt 00:00:09]}
17... Ba6 {[%clk 00:04:33]  [%emt 00:00:16]} 18. Nc5 {
[%clk 00:05:13]  [%emt 00:00:03]} 18... Bc4 {[%clk 00:04:25]  [%emt 00:00:08]}
19. b3 {[%clk 00:05:14]  [%emt 00:00:24]} 19... Bd5 {
[%clk 00:03:40]  [%emt 00:00:27]} 20. c4 {[%clk 00:05:14]  [%emt 00:00:34]}
20... Bxg2 {[%clk 00:03:21]  [%emt 00:00:03]} 21. Kxg2 {[%clk 00:05:14]} 21...
Rad8 {[%clk 00:03:19]  [%emt 00:00:03]} 22. Bb2 {
[%clk 00:05:00]  [%emt 00:00:09]} 22... e5 {[%clk 00:03:07]  [%emt 00:00:16]}
23. Qf3 {[%clk 00:04:37]  [%emt 00:00:35]} 23... exd4 {
[%clk 00:02:57]  [%emt 00:00:08]} 24. Rad1 {[%clk 00:04:38]  [%emt 00:00:03]}
24... Qb6 {[%clk 00:02:34]  [%emt 00:00:40]} 25. Ne4 {
[%clk 00:04:18]  [%emt 00:00:12]} 25... c5 {[%clk 00:02:07]  [%emt 00:00:37]}
26. Ba3 {[%clk 00:04:15]} 26... Rc8 {[%clk 00:01:44]  [%emt 00:00:18]} 27. Rd3
{[%clk 00:04:17]  [%emt 00:00:04]} 27... f5 {[%clk 00:01:36]  [%emt 00:00:07]}
28. Ng5 {[%clk 00:04:17]  [%emt 00:00:35]} 28... Qc6 {
[%clk 00:01:26]  [%emt 00:00:04]} 29. Qxc6 {[%clk 00:03:41]  [%emt 00:00:17]}
29... Rxc6 {[%clk 00:01:27]  [%emt 00:00:04]} 30. Re6 {
[%clk 00:03:33]  [%emt 00:00:08]} 30... Rfc8 {[%clk 00:01:16]  [%emt 00:00:19]}
31. f4 {[%clk 00:03:08]  [%emt 00:00:22]} 31... h6 {
[%clk 00:01:16]  [%emt 00:00:38]} 32. Rxc6 {[%clk 00:03:10]} 32... Rxc6 {
[%clk 00:01:18]} 33. Nf3 {[%clk 00:03:12]} 33... Kf7 {
[%clk 00:01:06]  [%emt 00:00:04]} 34. Rd1 {[%clk 00:02:08]  [%emt 00:00:46]}
34... a5 {[%clk 00:01:04]  [%emt 00:00:20]} 35. Re1 {
[%clk 00:01:40]  [%emt 00:00:17]} 35... Bf6 {[%clk 00:00:53]  [%emt 00:00:14]}
36. Ne5+ {[%clk 00:01:41]  [%emt 00:00:17]} 36... Bxe5 {[%clk 00:00:53]} 37.
Rxe5 {[%clk 00:01:42]} 37... Rb6 {[%clk 00:00:39]  [%emt 00:00:20]} 38. Bxc5 {
[%clk 00:01:42]} 38... Rxb3 {[%clk 00:00:39]} 39. Bxd4 {[%clk 00:01:43]} 39...
Rd3 {[%clk 00:00:18]  [%emt 00:00:21]} 40. Rd5 {
[%clk 00:01:17]  [%emt 00:00:26]} 40... Ke6 {[%clk 00:00:12]  [%emt 00:00:11]}
41. Be5 {[%clk 00:00:56]  [%emt 00:00:24]} 41... Rxd5 {
[%clk 00:00:09]  [%emt 00:00:06]} 42. cxd5+ {[%clk 00:00:58]  [%emt 00:00:06]}
42... Kxd5 {[%clk 00:00:11]} 43. Bc3 {[%clk 00:00:59]  [%emt 00:00:04]} 1-0

[Event "II Open Internacional Blitz Quart de Pob"]
[Site "Quart de Poblet, Spain"]
[Date "2019.08.10"]
[Round "3.6"]
[White "Galvan Cipriani, Viviana"]
[Black "Plaskett, H James"]
[Result "0-1"]
[WhiteElo "2015"]
[BlackElo "2474"]
[PlyCount "38"]
[EventDate "2019.??.??"]

1. c4 {[%clk 00:07:05]  [%emt 00:00:07]} 1... e5 {[%clk 00:07:05]} 2. Nc3 {
[%clk 00:07:06]} 2... Nf6 {[%clk 00:07:07]} 3. g3 {[%clk 00:07:07]} 3... Bb4 {
[%clk 00:07:09]  [%emt 00:00:15]} 4. Nd5 {[%clk 00:07:03]  [%emt 00:00:08]}
4... Nxd5 {[%clk 00:07:10]} 5. cxd5 {[%clk 00:07:04]} 5... O-O {[%clk 00:07:12]
} 6. Bg2 {[%clk 00:07:06]} 6... d6 {[%clk 00:07:11]} 7. a3 {[%clk 00:07:07]}
7... Bc5 {[%clk 00:07:14]} 8. d3 {[%clk 00:06:59]  [%emt 00:00:12]} 8... f5 {
[%clk 00:07:11]  [%emt 00:00:27]} 9. e3 {[%clk 00:06:43]} 9... f4 {
[%clk 00:07:10]  [%emt 00:00:04]} 10. d4 {[%clk 00:04:25]  [%emt 00:02:16]}
10... Bb6 {[%clk 00:06:52]  [%emt 00:00:41]} 11. exf4 {[%clk 00:04:18]} 11...
exd4 {[%clk 00:06:22]  [%emt 00:00:22]} 12. Ne2 {
[%clk 00:04:08]  [%emt 00:00:13]} 12... Re8 {[%clk 00:06:24]  [%emt 00:00:37]}
13. O-O {[%clk 00:04:08]} 13... Bg4 {[%clk 00:06:26]} 14. Re1 {
[%clk 00:03:41]  [%emt 00:00:07]} 14... Qe7 {[%clk 00:06:29]} 15. Bf1 {
[%clk 00:03:42]} 15... Nd7 {[%clk 00:06:24]  [%emt 00:00:04]} 16. b4 {
[%clk 00:02:28]  [%emt 00:01:16]} 16... Qe4 {[%clk 00:06:01]  [%emt 00:00:24]}
17. Bb2 {[%clk 00:00:45]  [%emt 00:01:47]} 17... d3 {[%clk 00:06:03]} 18. Nc3 {
[%clk 00:00:33]  [%emt 00:00:20]} 18... Bxf2+ {[%clk 00:06:03]  [%emt 00:00:13]
} 19. Kxf2 {[%clk 00:00:05]  [%emt 00:00:18]} 19... Qd4+ {[%clk 00:06:05]} 0-1

[Event "II Open Internacional Blitz Quart de Pob"]
[Site "Quart de Poblet, Spain"]
[Date "2019.08.10"]
[Round "3.7"]
[White "Chernikov, Vladimir"]
[Black "Garcia Sahuquillo, Marcos Antoni"]
[Result "1-0"]
[WhiteElo "2052"]
[BlackElo "1399"]
[PlyCount "67"]
[EventDate "2019.??.??"]

1. c4 {[%clk 00:07:04]} 1... e6 {[%clk 00:07:05]  [%emt 00:00:04]} 2. Nf3 {
[%clk 00:07:04]  [%emt 00:00:04]} 2... c5 {[%clk 00:07:06]} 3. Nc3 {
[%clk 00:07:02]  [%emt 00:00:04]} 3... Nc6 {[%clk 00:07:07]  [%emt 00:00:04]}
4. e3 {[%clk 00:07:03]} 4... Nf6 {[%clk 00:07:09]} 5. d4 {
[%clk 00:07:06]  [%emt 00:00:10]} 5... d5 {[%clk 00:07:03]  [%emt 00:00:03]} 6.
a3 {[%clk 00:07:07]} 6... cxd4 {[%clk 00:06:57]  [%emt 00:00:11]} 7. exd4 {
[%clk 00:06:36]  [%emt 00:00:34]} 7... Be7 {[%clk 00:06:42]  [%emt 00:00:12]}
8. cxd5 {[%clk 00:06:26]  [%emt 00:00:15]} 8... exd5 {
[%clk 00:06:36]  [%emt 00:00:06]} 9. Bd3 {[%clk 00:06:27]  [%emt 00:00:19]}
9... Bg4 {[%clk 00:05:55]  [%emt 00:00:27]} 10. Be2 {
[%clk 00:06:30]  [%emt 00:00:10]} 10... O-O {[%clk 00:05:40]  [%emt 00:00:13]}
11. h3 {[%clk 00:06:29]  [%emt 00:00:04]} 11... Bh5 {
[%clk 00:05:23]  [%emt 00:00:14]} 12. O-O {[%clk 00:06:30]  [%emt 00:00:34]}
12... Re8 {[%clk 00:05:15]} 13. Be3 {[%clk 00:06:32]} 13... a6 {[%clk 00:05:06]
} 14. Ne5 {[%clk 00:06:33]} 14... Bxe2 {[%clk 00:04:56]  [%emt 00:00:10]} 15.
Qxe2 {[%clk 00:06:12]  [%emt 00:00:22]} 15... Nxe5 {
[%clk 00:04:51]  [%emt 00:00:18]} 16. dxe5 {[%clk 00:06:14]} 16... Ne4 {
[%clk 00:04:25]  [%emt 00:00:48]} 17. Nxe4 {[%clk 00:06:15]} 17... dxe4 {
[%clk 00:04:27]} 18. Qg4 {[%clk 00:06:00]} 18... Qd5 {
[%clk 00:04:12]  [%emt 00:00:11]} 19. Bf4 {[%clk 00:05:38]  [%emt 00:00:56]}
19... Bc5 {[%clk 00:03:45]  [%emt 00:00:04]} 20. Rfd1 {
[%clk 00:05:29]  [%emt 00:00:11]} 20... Qe6 {[%clk 00:03:30]  [%emt 00:00:15]}
21. Rac1 {[%clk 00:05:16]  [%emt 00:00:18]} 21... Qxg4 {
[%clk 00:03:28]  [%emt 00:00:05]} 22. hxg4 {[%clk 00:05:18]  [%emt 00:00:03]}
22... b6 {[%clk 00:03:17]  [%emt 00:00:09]} 23. b4 {
[%clk 00:05:19]  [%emt 00:00:06]} 23... Be7 {[%clk 00:03:11]  [%emt 00:00:10]}
24. Rd4 {[%clk 00:05:09]  [%emt 00:00:09]} 24... g5 {
[%clk 00:02:55]  [%emt 00:00:18]} 25. Be3 {[%clk 00:05:02]  [%emt 00:00:21]}
25... h6 {[%clk 00:02:41]  [%emt 00:00:10]} 26. Rxe4 {
[%clk 00:05:03]  [%emt 00:00:03]} 26... b5 {[%clk 00:02:31]  [%emt 00:00:16]}
27. Rc6 {[%clk 00:04:56]  [%emt 00:00:06]} 27... Kg7 {
[%clk 00:02:18]  [%emt 00:00:13]} 28. e6 {[%clk 00:04:57]  [%emt 00:00:07]}
28... f6 {[%clk 00:02:06]  [%emt 00:00:14]} 29. Rd4 {
[%clk 00:04:52]  [%emt 00:00:10]} 29... Red8 {[%clk 00:01:56]  [%emt 00:00:15]}
30. Rc7 {[%clk 00:04:52]} 30... Kf8 {[%clk 00:01:51]  [%emt 00:00:11]} 31. Rdd7
{[%clk 00:04:49]} 31... Re8 {[%clk 00:01:26]  [%emt 00:00:27]} 32. Rxe7 {
[%clk 00:03:47]  [%emt 00:01:04]} 32... Rxe7 {[%clk 00:01:27]  [%emt 00:00:13]}
33. Bc5 {[%clk 00:03:48]} 33... Rae8 {[%clk 00:01:20]  [%emt 00:00:12]} 34. f3
{[%clk 00:03:48]} 1-0

[Event "II Open Internacional Blitz Quart de Pob"]
[Site "Quart de Poblet, Spain"]
[Date "2019.08.10"]
[Round "3.8"]
[White "Santos Saura, Iobhar"]
[Black "Toledano Llinares, Juan A"]
[Result "0-1"]
[WhiteElo "1644"]
[BlackElo "2249"]
[PlyCount "54"]
[EventDate "2019.??.??"]

1. e4 {[%clk 00:07:04]  [%emt 00:00:25]} 1... c5 {[%clk 00:07:05]} 2. Nc3 {
[%clk 00:07:05]} 2... d6 {[%clk 00:06:59]} 3. Bc4 {[%clk 00:07:06]} 3... a6 {
[%clk 00:06:59]} 4. a4 {[%clk 00:07:04]} 4... Nc6 {[%clk 00:06:57]} 5. f4 {
[%clk 00:07:02]} 5... Nf6 {[%clk 00:06:56]} 6. d3 {[%clk 00:06:49]} 6... e6 {
[%clk 00:06:57]  [%emt 00:00:04]} 7. Nf3 {[%clk 00:06:50]} 7... d5 {
[%clk 00:06:58]} 8. exd5 {[%clk 00:06:14]  [%emt 00:00:38]} 8... exd5 {
[%clk 00:07:00]  [%emt 00:00:03]} 9. Ba2 {[%clk 00:06:16]} 9... Bg4 {
[%clk 00:06:36]  [%emt 00:00:26]} 10. h3 {[%clk 00:05:23]  [%emt 00:00:53]}
10... Bxf3 {[%clk 00:06:33]  [%emt 00:00:12]} 11. Qxf3 {
[%clk 00:05:24]  [%emt 00:00:03]} 11... Nd4 {[%clk 00:06:35]} 12. Qd1 {
[%clk 00:05:24]} 12... Be7 {[%clk 00:06:16]  [%emt 00:00:17]} 13. O-O {
[%clk 00:05:20]  [%emt 00:00:24]} 13... O-O {[%clk 00:06:18]} 14. Ne2 {
[%clk 00:05:09]  [%emt 00:00:19]} 14... Nf5 {[%clk 00:06:11]  [%emt 00:00:07]}
15. Bd2 {[%clk 00:04:31]  [%emt 00:00:24]} 15... Re8 {
[%clk 00:06:12]  [%emt 00:00:08]} 16. Be1 {[%clk 00:03:55]  [%emt 00:00:33]}
16... Ne3 {[%clk 00:06:12]  [%emt 00:00:26]} 17. Qd2 {[%clk 00:03:50]} 17...
Nxf1 {[%clk 00:06:13]} 18. Kxf1 {[%clk 00:03:52]} 18... d4 {[%clk 00:06:12]}
19. Ng1 {[%clk 00:03:12]  [%emt 00:00:34]} 19... Nd5 {
[%clk 00:06:13]  [%emt 00:00:13]} 20. Bf2 {[%clk 00:03:12]} 20... Bf6 {
[%clk 00:06:13]} 21. Re1 {[%clk 00:02:30]  [%emt 00:00:41]} 21... Rxe1+ {
[%clk 00:06:11]  [%emt 00:00:46]} 22. Qxe1 {[%clk 00:02:32]} 22... Qd7 {
[%clk 00:06:13]} 23. Nf3 {[%clk 00:02:14]} 23... Re8 {[%clk 00:06:12]} 24. Qd2
{[%clk 00:01:20]  [%emt 00:00:43]} 24... Ne3+ {[%clk 00:06:12]  [%emt 00:00:05]
} 25. Kg1 {[%clk 00:01:21]  [%emt 00:00:03]} 25... Qd6 {
[%clk 00:06:08]  [%emt 00:00:08]} 26. g3 {[%clk 00:01:00]  [%emt 00:00:20]}
26... Qd7 {[%clk 00:06:10]} 27. Kh2 {[%clk 00:00:58]  [%emt 00:00:43]} 27...
Nf1+ {[%clk 00:06:11]} 0-1

[Event "II Open Internacional Blitz Quart de Pob"]
[Site "Quart de Poblet, Spain"]
[Date "2019.08.10"]
[Round "3.9"]
[White "Ortega Sanchis, Angela"]
[Black "Martin Ayala, David"]
[Result "0-1"]
[WhiteElo "1638"]
[BlackElo "2058"]
[PlyCount "42"]
[EventDate "2019.??.??"]

1. e4 {[%clk 00:07:04]  [%emt 00:00:01]} 1... d5 {[%clk 00:07:06]} 2. exd5 {
[%clk 00:07:01]  [%emt 00:00:05]} 2... Nf6 {[%clk 00:07:08]} 3. d4 {
[%clk 00:07:03]  [%emt 00:00:01]} 3... Nxd5 {[%clk 00:07:09]  [%emt 00:00:02]}
4. c4 {[%clk 00:07:02]  [%emt 00:00:04]} 4... Nb6 {[%clk 00:07:11]} 5. Nf3 {
[%clk 00:06:57]  [%emt 00:00:08]} 5... g6 {[%clk 00:07:13]  [%emt 00:00:01]} 6.
c5 {[%clk 00:06:45]  [%emt 00:00:15]} 6... Nd5 {
[%clk 00:07:15]  [%emt 00:00:01]} 7. Bc4 {[%clk 00:06:43]  [%emt 00:00:05]}
7... Bg7 {[%clk 00:07:15]  [%emt 00:00:03]} 8. Nc3 {
[%clk 00:06:06]  [%emt 00:00:39]} 8... c6 {[%clk 00:07:17]  [%emt 00:00:02]} 9.
Qb3 {[%clk 00:04:58]  [%emt 00:01:11]} 9... O-O {
[%clk 00:07:16]  [%emt 00:00:03]} 10. Nxd5 {[%clk 00:04:36]  [%emt 00:00:25]}
10... cxd5 {[%clk 00:07:18]  [%emt 00:00:02]} 11. Bxd5 {
[%clk 00:04:24]  [%emt 00:00:15]} 11... Nc6 {[%clk 00:07:19]  [%emt 00:00:01]}
12. Bxc6 {[%clk 00:03:48]  [%emt 00:00:39]} 12... bxc6 {
[%clk 00:07:21]  [%emt 00:00:02]} 13. Be3 {[%clk 00:03:49]  [%emt 00:00:02]}
13... Ba6 {[%clk 00:07:01]  [%emt 00:00:22]} 14. O-O-O {
[%clk 00:02:52]  [%emt 00:01:01]} 14... Rb8 {[%clk 00:06:58]  [%emt 00:00:06]}
15. Qc2 {[%clk 00:02:37]  [%emt 00:00:18]} 15... Qa5 {
[%clk 00:06:46]  [%emt 00:00:15]} 16. Kb1 {[%clk 00:02:17]  [%emt 00:00:23]}
16... Bc8 {[%clk 00:06:40]  [%emt 00:00:08]} 17. Nd2 {
[%clk 00:01:45]  [%emt 00:00:35]} 17... Be6 {[%clk 00:06:30]  [%emt 00:00:13]}
18. b3 {[%clk 00:01:15]  [%emt 00:00:33]} 18... Rb5 {
[%clk 00:05:41]  [%emt 00:00:52]} 19. h3 {[%clk 00:00:33]  [%emt 00:00:46]}
19... Bf5 {[%clk 00:05:21]  [%emt 00:00:23]} 20. Ne4 {
[%clk 00:00:30]  [%emt 00:00:06]} 20... Rfb8 {[%clk 00:05:20]  [%emt 00:00:04]}
21. Rd2 {[%clk 00:00:16]  [%emt 00:00:18]} 21... Qa3 {
[%clk 00:05:05]  [%emt 00:00:18]} 0-1

[Event "II Open Internacional Blitz Quart de Pob"]
[Site "Quart de Poblet, Spain"]
[Date "2019.08.10"]
[Round "4.2"]
[White "Plaskett, H James"]
[Black "Castella Garcia, Fausto"]
[Result "1-0"]
[WhiteElo "2474"]
[BlackElo "2279"]
[PlyCount "63"]
[EventDate "2019.??.??"]

1. e4 {[%clk 00:07:05]} 1... c5 {[%clk 00:07:05]} 2. Nc3 {[%clk 00:07:07]} 2...
Nc6 {[%clk 00:07:07]} 3. Bb5 {[%clk 00:07:09]} 3... Nd4 {[%clk 00:07:09]} 4.
Nf3 {[%clk 00:07:08]  [%emt 00:00:03]} 4... Nxb5 {
[%clk 00:07:09]  [%emt 00:00:03]} 5. Nxb5 {[%clk 00:07:10]} 5... d5 {
[%clk 00:07:04]  [%emt 00:00:09]} 6. exd5 {[%clk 00:07:10]  [%emt 00:00:03]}
6... a6 {[%clk 00:07:06]} 7. Nc3 {[%clk 00:07:11]  [%emt 00:00:02]} 7... Nf6 {
[%clk 00:07:08]} 8. O-O {[%clk 00:06:58]  [%emt 00:00:14]} 8... Nxd5 {
[%clk 00:07:09]  [%emt 00:00:34]} 9. Qe2 {[%clk 00:06:48]  [%emt 00:00:16]}
9... e6 {[%clk 00:07:00]} 10. d3 {[%clk 00:06:33]} 10... Be7 {
[%clk 00:06:55]  [%emt 00:00:11]} 11. Ne4 {[%clk 00:06:33]  [%emt 00:00:04]}
11... O-O {[%clk 00:06:51]  [%emt 00:00:03]} 12. b3 {
[%clk 00:06:14]  [%emt 00:00:18]} 12... b5 {[%clk 00:06:25]  [%emt 00:00:29]}
13. Bb2 {[%clk 00:06:15]  [%emt 00:00:31]} 13... Bb7 {[%clk 00:06:27]} 14. Rae1
{[%clk 00:06:06]  [%emt 00:00:07]} 14... Nf6 {[%clk 00:05:08]  [%emt 00:01:23]}
15. Neg5 {[%clk 00:05:52]  [%emt 00:00:06]} 15... Qd5 {
[%clk 00:04:58]  [%emt 00:00:04]} 16. c4 {[%clk 00:05:27]  [%emt 00:00:24]}
16... Qf5 {[%clk 00:04:58]  [%emt 00:00:13]} 17. Ne4 {
[%clk 00:05:08]  [%emt 00:00:11]} 17... Rad8 {[%clk 00:04:45]  [%emt 00:00:16]}
18. Ne5 {[%clk 00:04:54]  [%emt 00:00:17]} 18... Nd7 {
[%clk 00:03:47]  [%emt 00:01:02]} 19. f4 {[%clk 00:04:25]  [%emt 00:00:32]}
19... Nxe5 {[%clk 00:03:40]  [%emt 00:00:24]} 20. fxe5 {
[%clk 00:04:13]  [%emt 00:00:09]} 20... Qg6 {[%clk 00:03:41]} 21. Rf4 {
[%clk 00:04:14]} 21... h5 {[%clk 00:02:15]  [%emt 00:01:25]} 22. Ref1 {
[%clk 00:03:50]  [%emt 00:00:37]} 22... Bg5 {[%clk 00:01:19]  [%emt 00:00:49]}
23. Nxg5 {[%clk 00:02:10]  [%emt 00:01:42]} 23... Qxg5 {
[%clk 00:01:21]  [%emt 00:00:28]} 24. Bc1 {[%clk 00:02:03]} 24... Qg6 {
[%clk 00:01:19]} 25. Be3 {[%clk 00:02:03]} 25... Qxd3 {
[%clk 00:01:14]  [%emt 00:00:07]} 26. Qf2 {[%clk 00:01:14]  [%emt 00:01:15]}
26... f5 {[%clk 00:00:35]  [%emt 00:00:13]} 27. exf6 {
[%clk 00:00:58]  [%emt 00:00:38]} 27... Rxf6 {[%clk 00:00:36]} 28. Rxf6 {
[%clk 00:00:59]} 28... gxf6 {[%clk 00:00:39]} 29. cxb5 {[%clk 00:00:53]} 29...
axb5 {[%clk 00:00:30]  [%emt 00:00:11]} 30. Bxc5 {
[%clk 00:00:44]  [%emt 00:00:06]} 30... Qg6 {[%clk 00:00:20]  [%emt 00:00:14]}
31. Qe2 {[%clk 00:00:23]  [%emt 00:00:24]} 31... e5 {
[%clk 00:00:12]  [%emt 00:00:14]} 32. h3 {[%clk 00:00:21]  [%emt 00:00:04]} 1-0

[Event "II Open Internacional Blitz Quart de Pob"]
[Site "Quart de Poblet, Spain"]
[Date "2019.08.10"]
[Round "4.3"]
[White "Granero Roca, Antonio"]
[Black "Chernikov, Vladimir"]
[Result "1-0"]
[WhiteElo "2393"]
[BlackElo "2052"]
[PlyCount "95"]
[EventDate "2019.??.??"]

1. d4 {[%clk 00:07:04]  [%emt 00:00:08]} 1... Nf6 {[%clk 00:07:04]} 2. c4 {
[%clk 00:07:06]} 2... e5 {[%clk 00:07:06]} 3. dxe5 {[%clk 00:07:07]} 3... Ng4 {
[%clk 00:07:09]} 4. Bf4 {[%clk 00:07:00]} 4... g5 {[%clk 00:07:10]} 5. Bg3 {
[%clk 00:07:02]} 5... Bg7 {[%clk 00:07:11]} 6. Nf3 {[%clk 00:07:02]} 6... Nc6 {
[%clk 00:07:14]} 7. Nc3 {[%clk 00:06:47]} 7... Ngxe5 {[%clk 00:07:11]} 8. Nxe5
{[%clk 00:06:48]} 8... Nxe5 {[%clk 00:07:13]} 9. e3 {[%clk 00:06:49]} 9... d6 {
[%clk 00:07:13]} 10. h4 {[%clk 00:06:42]} 10... g4 {[%clk 00:07:15]} 11. h5 {
[%clk 00:06:44]} 11... h6 {[%clk 00:07:17]} 12. Qc2 {[%clk 00:06:46]} 12... O-O
{[%clk 00:07:02]  [%emt 00:00:10]} 13. O-O-O {[%clk 00:06:43]  [%emt 00:00:08]}
13... f5 {[%clk 00:06:32]  [%emt 00:00:32]} 14. Be2 {
[%clk 00:06:38]  [%emt 00:00:06]} 14... Be6 {[%clk 00:06:30]  [%emt 00:00:32]}
15. Nd5 {[%clk 00:06:33]} 15... a6 {[%clk 00:05:40]  [%emt 00:00:32]} 16. Kb1 {
[%clk 00:06:10]  [%emt 00:00:26]} 16... b5 {[%clk 00:04:54]  [%emt 00:00:48]}
17. c5 {[%clk 00:06:09]  [%emt 00:00:09]} 17... Qe7 {
[%clk 00:04:25]  [%emt 00:00:31]} 18. cxd6 {[%clk 00:05:20]  [%emt 00:00:48]}
18... cxd6 {[%clk 00:04:27]  [%emt 00:00:30]} 19. Qc7 {
[%clk 00:05:17]  [%emt 00:00:03]} 19... Qe8 {[%clk 00:02:42]  [%emt 00:01:24]}
20. Qxd6 {[%clk 00:05:00]  [%emt 00:00:18]} 20... Rd8 {[%clk 00:02:45]} 21.
Ne7+ {[%clk 00:04:34]  [%emt 00:00:30]} 21... Kf7 {
[%clk 00:02:45]  [%emt 00:00:41]} 22. Qxd8 {[%clk 00:03:42]  [%emt 00:00:16]}
22... Qxd8 {[%clk 00:02:45]  [%emt 00:00:11]} 23. Rxd8 {[%clk 00:03:44]} 23...
Rxd8 {[%clk 00:02:45]  [%emt 00:00:03]} 24. Bxe5 {[%clk 00:03:45]} 24... Bxe5 {
[%clk 00:02:38]  [%emt 00:00:05]} 25. Nc6 {[%clk 00:03:47]  [%emt 00:00:08]}
25... Rd5 {[%clk 00:02:36]} 26. Nxe5+ {[%clk 00:03:46]  [%emt 00:00:09]} 26...
Rxe5 {[%clk 00:02:38]  [%emt 00:00:04]} 27. g3 {
[%clk 00:03:35]  [%emt 00:00:04]} 27... Rc5 {[%clk 00:02:27]  [%emt 00:00:14]}
28. Rd1 {[%clk 00:03:15]  [%emt 00:00:26]} 28... Bd5 {
[%clk 00:02:25]  [%emt 00:00:06]} 29. b4 {[%clk 00:01:48]  [%emt 00:01:26]}
29... Bxa2+ {[%clk 00:01:22]  [%emt 00:01:07]} 30. Kb2 {
[%clk 00:01:37]  [%emt 00:00:39]} 30... Rc7 {[%clk 00:01:23]} 31. Rd6 {
[%clk 00:01:23]  [%emt 00:00:08]} 31... Bc4 {[%clk 00:00:43]  [%emt 00:00:29]}
32. Rxh6 {[%clk 00:01:14]  [%emt 00:00:11]} 32... Kg7 {
[%clk 00:00:25]  [%emt 00:00:40]} 33. Rg6+ {[%clk 00:01:16]} 33... Kh7 {
[%clk 00:00:27]} 34. Bd1 {[%clk 00:01:18]} 34... Rd7 {[%clk 00:00:26]} 35. Bc2
{[%clk 00:00:44]  [%emt 00:00:26]} 35... Rd2 {[%clk 00:00:23]  [%emt 00:00:26]}
36. Kc3 {[%clk 00:00:33]  [%emt 00:00:07]} 36... Rxf2 {[%clk 00:00:18]} 37. Rf6
{[%clk 00:00:36]} 37... Kg7 {[%clk 00:00:12]  [%emt 00:00:09]} 38. Rxf5 {
[%clk 00:00:29]  [%emt 00:00:08]} 38... Rf3 {[%clk 00:00:09]  [%emt 00:00:08]}
39. Rg5+ {[%clk 00:00:18]  [%emt 00:00:12]} 39... Kh6 {[%clk 00:00:11]} 40.
Rxg4 {[%clk 00:00:14]  [%emt 00:00:07]} 40... Rxe3+ {[%clk 00:00:13]} 41. Kd4 {
[%clk 00:00:16]  [%emt 00:00:08]} 41... Re2 {[%clk 00:00:09]  [%emt 00:00:07]}
42. Bg6 {[%clk 00:00:15]} 42... Rd2+ {[%clk 00:00:10]  [%emt 00:00:07]} 43. Kc5
{[%clk 00:00:17]} 43... Rd5+ {[%clk 00:00:11]} 44. Kb6 {
[%clk 00:00:18]  [%emt 00:00:04]} 44... Rd6+ {[%clk 00:00:13]} 45. Ka5 {
[%clk 00:00:18]} 45... Be2 {[%clk 00:00:12]  [%emt 00:00:04]} 46. Rh4 {
[%clk 00:00:12]  [%emt 00:00:06]} 46... Kg5 {[%clk 00:00:07]  [%emt 00:00:10]}
47. Rh2 {[%clk 00:00:14]} 47... Bg4 {[%clk 00:00:06]  [%emt 00:00:04]} 48. h6 {
[%clk 00:00:12]  [%emt 00:00:09]} 1-0